Gerontology for health professionals : (Record no. 5731)

MARC details
000 -LEADER
fixed length control field 02104cam a2200253 a 4500
020 ## - INTERNATIONAL STANDARD BOOK NUMBER
ISBN 0871012839 (pbk. : alk. paper)
022 ## - INTERNATIONAL STANDARD SERIAL NUMBER
ISSN 9780871012838
050 00 - CALL NUMBER
Classification number RC952
Item number .G47
100 ## - AUTHOR
Personal name Florence Safford
245 00 - TITLE
Title Gerontology for health professionals :
Remainder of title a practice guide /
Statement of responsibility, etc edited by Florence Safford, George I. Krell.
250 ## - EDITION
Edition statement 2nd ed.
260 ## - PUBLICATION INFORMATION
Place of publication Washington, DC :
Name of publisher National Association of Social Workers,
Year of publication c1997.
300 ## - DESCRIPTION
Number of Pages xi, 282 p. ;
Dimensions 23 cm.
500 ## - NOTES
General note Includes bibliographical references and index.
505 ## - FORMATTED CONTENTS NOTE
Table of Content Working with the old, older, and oldest : understanding the experience of aging in America ; Health and illness in the later years : range of normal and pathological ; Helping the incontinent : a biopsychosocial challenge / Florence Safford --<br/>Medication and the elderly / Mary Helen Hayden and Florence Safford --<br/>Differential assessment of dementia and depression in elderly people / Florence Safford --<br/>Case management with the elderly / Karen M. Sowers-Hoag --<br/>Working with traditional and nontraditional families of elderly people / Carol R. Odell and Florence Safford --<br/>Ethnic issues in health care delivery to elderly people : specific focus on black Americans and Hispanics / Terry Conward and Gema G. Hernandez --<br/>Hidden problem of elder abuse : clues and strategies for health care workers / Jordan I. Kosberg --<br/>Tools for ethical reasoning in long-term care management / Martha Pelaez --<br/>HIV/AIDS and the elderly / James H. Riley --<br/>Death, bereavement, loss, and growth : two perspectives / Mary O'Donnell and Florence Safford --<br/>Advance directives : choices and challenges / Florence Safford --<br/>Impact of the elderly on the health care system and its implications for the delivery of social services ; Recapitulation of workplace guidelines / George I. Krell.
650 #0 - SUBJECTS
Topical Term Geriatrics.
650 #0 - SUBJECTS
Topical Term Gerontology.
650 #0 - SUBJECTS
Topical Term Older people
General subdivision Health and hygiene.
650 #0 - SUBJECTS
Topical Term Older people
General subdivision Services for.
650 #0 - SUBJECTS
Topical Term Social work with older people.
700 1# - OTHER AUTHORS
Personal name Safford, Florence.
700 1# - OTHER AUTHORS
Personal name Krell, George I.
942 ## - ADDED ENTRY ELEMENTS (KOHA)
Koha item type Books
Holdings
Withdrawn status Lost status Collection code Home library Current library Shelving location Date acquired Full call number Accession Number Koha item type
    Reference Methodist University Library Main Methodist University Library Main General Stacks 17/11/2011 RC952 .G47 34196 Books
Copyright © 2026  MUG Library